Teorie aktérství EU a Lisabonská smlouva EU jako aktér v oblasti zahraniční politiky
Vplyv zmien, ktoré v oblasti zahraničnej politiky priniesla Lisabonská zmluva na členov EÚ. Analýza potencionálneho prínosu novo vytvorenej funkcie Vysokého predstaviteľa pre zahraničné veci a bezpečnostnú politiku, novo vzniknutej Európskej služby pre vonkajšiu činnosť, ako i zavedenie právnej sub...
Saved in:
| Main Author: | |
|---|---|
| Format: | Book Chapter |
| Language: | Czech |
| Subjects: | |
| Tags: |
No Tags, Be the first to tag this record!
|
MARC
| LEADER | 00000naa a2200000 4500 | ||
|---|---|---|---|
| 001 | 0194654 | ||
| 005 | 20231204125820.5 | ||
| 041 | 0 | |a cze | |
| 044 | |a CZ | ||
| 245 | 1 | 0 | |a Teorie aktérství EU a Lisabonská smlouva EU jako aktér v oblasti zahraniční politiky |c Alžběta Kuchařová |
| 520 | |a Vplyv zmien, ktoré v oblasti zahraničnej politiky priniesla Lisabonská zmluva na členov EÚ. Analýza potencionálneho prínosu novo vytvorenej funkcie Vysokého predstaviteľa pre zahraničné veci a bezpečnostnú politiku, novo vzniknutej Európskej služby pre vonkajšiu činnosť, ako i zavedenie právnej subjektivity EÚ a umožnenie hlbšej spolupráce skupiny členských štátov v rámci spoločnej bezpečnostnej a obrannej politiky k silnejšiemu postaveniu EÚ ako globálného aktéra v oblasti zahraničnej politiky. | ||
| 610 | 2 | 0 | |a Európska únia |
| 610 | 2 | 0 | |a politika zahraničná |
| 610 | 2 | 0 | |a politika bezpečnostná |
| 610 | 2 | 0 | |a spolupráca hospodárska medzinárodná |
| 100 | 1 | |a Kuchařová, Alžběta | |